Tilastot visalle Vuoden urheilija -ehdokkaat 2023

Klikkaa tästä pelataksesi tätä visaa!

Yleistilastot

  • Tätä visaa on pelattu 40 kertaa
  • Keskiarvotulos 9 / 20

Vastaustilastot

LajiNimi% Oikein
KoripalloLauri Markkanen
93%
RalliKalle Rovanperä
90%
MaastohiihtoKerttu Niskanen
90%
SeiväshyppyWilma Murto
86%
JääkiekkoMikko Rantanen
83%
JalkapalloLukas Hradecky
59%
JudoMartti Puumalainen
55%
AitajuoksuReetta Hurske
55%
TennisHarri Heliövaara
52%
JääkiekkoAleksander Barkov
45%
PyörätuolikelausAmanda Kotaja
41%
GolfSami Välimäki
34%
TaitoluisteluJuulia Turkkila
Matthias Versluis
31%
JääkiekkoRoope Hintz
31%
FreestyleJon Sallinen
17%
Skeet-ammuntaEetu Kallioinen
14%
PesäpalloRoope Korhonen
14%
SquashEmilia Soini
10%
SuunnistusOlli Ojanaho
10%
KivääriammuntaAleksi Leppä
3%

Tulosjakauma

Persentiili vastausten määrän mukaan

Jokaisen tuloksen saaneiden osuus

Tuloshistoriasi

Et ole pelannut tätä visaa